| 000 | 00681nam a2200205 u 4500 | ||
|---|---|---|---|
| 005 | 20251203064005.0 | ||
| 008 | 100203s2007 r 000 0 eng d | ||
| 020 | _a9789875381865 | ||
| 035 | _aUPN01000174420 | ||
| 049 | _aCG | ||
| 050 | 4 |
_aLB1140.5 R4 _bB5.4 |
|
| 100 | 1 | _aBlanco, Lidia | |
| 245 | 1 | 0 |
_aLeer con placer en la primera infancia : _babrir un libro -- abrir el mundo / _cLidia Blanco. |
| 260 |
_aBuenos Aires . _bNovedades Educativas, _c2007. |
||
| 300 |
_a117 p. : _bil. |
||
| 440 | 0 |
_a0 a 5 : la educación en los primeros años ; _v68 |
|
| 650 | 4 |
_aLectura _xEstudio y enseñanza (Preescolar) _91526 |
|
| 650 | 4 |
_aIntereses en la lectura _94851 |
|
| 905 | _aLibro | ||
| 999 |
_c146524 _d146524 |
||